000 01085nam a22002774a 4500
001 PE-BaUNAB
005 20260703204427.0
006 a||||gr|||| 001 0
007 ta
008 t pe gr 00| 0 spa d
017 _aB.903-2020
020 _a9788491135722
040 _aPE-BaUNAB
041 _aspa
043 _cper
082 _a23 610.73069
100 _aSheila A. Sorrentino
_eAutor
_913879
245 _aManual Mosby de cuidados básicos de enfermeria
260 _aBarcelona, España :
_bElsevier,
_c2020
300 _a518 p
_c27.5 cm
505 _aNuevo contenido. Capitulo 2: Los derechos de la persona, Capitulo 3: El tecnico en cuidados auxiliares de enfermería, Capitulo 4: Ética y leyes, Capitulo 5: Estudiantes y ética en el trabajo, Capitulo 6: Comunicación con el equipo de salud, Capitulo 10. Necesidades en seguridad, Capitulo 11. Prevención de caídas..
650 0 _aAutocuidado en salud
_95669
650 0 _aCuidados de enfermería
_95652
700 _aLeighann N. Remmert
_913880
942 _2ddc
_cLIB
_e2026-07-03
_zLRM
999 _c6127
_d6127